| 000 | 00777nam a22002057a 4500 | ||
|---|---|---|---|
| 005 | 20180601164408.0 | ||
| 010 | _aB-694047 | ||
| 020 |
_a9789312140390 _c205.00 |
||
| 035 | _aB-694047 | ||
| 037 | _bR.K. Books | ||
| 082 | _a320 | ||
| 100 | _aSharma, Mohit | ||
| 245 |
_aMagbook Indian polity& Governance / _cby Mohit Sharma |
||
| 246 | _aIndian polity & Governance | ||
| 260 |
_aDelhi _bArihant Publications (India) Limited _c2017 |
||
| 270 |
_a4577/15, Agarwal Road, Darya Ganj _bNew Delhi _e110002 _k011-47630600 _l011-23280316 |
||
| 300 |
_a230p. _c25cm.(pbk) |
||
| 942 |
_2ddc _cEN _mSHA _h320 |
||
| 999 |
_c152428 _d152428 |
||